Guess the Movie - Minimalistic Pictures #9 - Statistics

General Stats
  • This quiz has been taken 90 times
    75 since last reset
  • The average score is 11 of 20
Answer Stats
Picture Hint Answer % Correct
2016 Deadpool
96%
2011 Captain America: The First Avenger
91%
1986 Top Gun
91%
2017 IT
90%
1996 Scream
85%
1974 The Texas Chain Saw Massacre
75%
2014 Maleficent
69%
2004 I, Robot
66%
2006 300
65%
2012 Django Unchained
62%
1998 Goodfellas
56%
2007 Hitman
53%
2009 Inglourious Basterds
49%
1991 The Silence of the Lambs
44%
2005 Elektra
34%
1998 Blade
22%
2012 Les Misérables
18%
2012 Magic Mike
13%
2006 The Departed
7%
2008 Hancock
6%
No matching quizzes found
Score Distribution
Percent of People with Each Score
Percentile by Number Answered
Your Score History
You have not taken this quiz since the last reset